Gandhi : (Record no. 126704)
[ view plain ]
| 000 -LEADER | |
|---|---|
| fixed length control field | 00866nam a22002297a 4500 |
| 005 - DATE AND TIME OF LATEST TRANSACTION | |
| control field | 20170124110013.0 |
| 010 ## - LIBRARY OF CONGRESS CONTROL NUMBER | |
| LC control number | A-760474 |
| 020 ## - INTERNATIONAL STANDARD BOOK NUMBER | |
| Terms of availability | 165.00 |
| International Standard Book Number | 812300284 |
| 035 ## - SYSTEM CONTROL NUMBER | |
| System control number | A-760474 |
| 037 ## - SOURCE OF ACQUISITION | |
| Source of stock number/acquisition | Cen Lib/Ret |
| 040 ## - CATALOGING SOURCE | |
| Original cataloging agency | DPL |
| Language of cataloging | EN |
| 082 ## - DEWEY DECIMAL CLASSIFICATION NUMBER | |
| Classification number | 301.153 |
| Item number | UPP |
| 100 ## - MAIN ENTRY--PERSONAL NAME | |
| Personal name | Uppal, J. N. |
| 9 (RLIN) | 18252 |
| 245 ## - TITLE STATEMENT | |
| Title | Gandhi : |
| Statement of responsibility, etc | by Uppal J. N. |
| Remainder of title | ordained in South Africa / |
| 260 ## - PUBLICATION, DISTRIBUTION, ETC. (IMPRINT) | |
| Place of publication, distribution, etc | New Delhi |
| Name of publisher, distributor, etc | Publications, Division, Ministry of Information and Broadcasting, Govt. of India |
| Date of publication, distribution, etc | 1995 |
| 270 ## - ADDRESS | |
| City | New Delhi |
| Address | Patiala House |
| Postal code | 110001 |
| 300 ## - PHYSICAL DESCRIPTION | |
| Extent | 443p. |
| Dimensions | 21cm(Hb) |
| 500 ## - GENERAL NOTE | |
| General note | Includes bibliographical references and index |
| 650 ## - SUBJECT ADDED ENTRY--TOPICAL TERM | |
| Topical term or geographic name as entry element | Political science |
| 9 (RLIN) | 18253 |
| 650 ## - SUBJECT ADDED ENTRY--TOPICAL TERM | |
| Topical term or geographic name as entry element | East Indians--Politics and government |
| 9 (RLIN) | 14142 |
| 942 ## - ADDED ENTRY ELEMENTS (KOHA) | |
| Source of classification or shelving scheme | Dewey Decimal Classification |
| Koha item type | English Books |
| Classification part | 301.153 |
| Call number suffix | UPP |
| Withdrawn status | Lost status | Damaged status | Not for loan | Home library | Current library | Date acquired | Source of acquisition | Cost, normal purchase price | Total Checkouts | Full call number | Barcode | Date last seen | Copy number | Cost, replacement price | Price effective from | Koha item type | Public note | Source of classification or shelving scheme | Collection code | Date checked out |
|---|---|---|---|---|---|---|---|---|---|---|---|---|---|---|---|---|---|---|---|---|
| Written off | Central Library | Central Library | 26/06/2015 | Cen Lib/Ret | 165.00 | 301.153 UPP | A-760474 | 26/06/2015 | 1 | 165.00 | 26/06/2015 | English Books | W/d list no. 6832/17 | |||||||
| Sarojini Nagar | Sarojini Nagar | 22/05/2019 | 1 | 301.153 UPP | B-307210 | 20/03/2021 | 22/05/2019 | English Books | Dewey Decimal Classification | Non-fiction | 02/03/2021 |
